|
|
|
|
| LEADER |
01103nam a2200241 a 4500 |
| 001 |
3741468 |
| 008 |
100412s1980 nyua b 000 0 eng d |
| 010 |
|
|
|a 81174040
|
| 040 |
|
|
|a DLC
|c DLC
|d DLC
|d BD-DhAAL
|
| 082 |
0 |
0 |
|a 338.9/009172/4
|2 19
|
| 100 |
1 |
|
|a Lassen, Cheryl A.
|
| 245 |
1 |
0 |
|a Reaching the assetless poor :
|b projects and strategies for their self-reliant development /
|c Cheryl A. Lassen.
|
| 260 |
|
|
|a Ithaca, N.Y. :
|b Rural Development Committee, Center for International Studies, Cornell University,
|c c1980.
|
| 300 |
|
|
|a ii, 68 p. :
|b ill. ;
|c 28 cm.
|
| 490 |
0 |
|
|a Special series on landlessness and near-landlessness ;
|v no. 6
|
| 500 |
|
|
|a "October 1980"--T.p. verso.
|
| 504 |
|
|
|a Includes bibliographical references.
|
| 541 |
1 |
|
|e 00001024
|
| 650 |
|
0 |
|a Economic assistance, Domestic
|z Developing countries.
|
| 650 |
|
0 |
|a Rural poor
|z Developing countries.
|
| 852 |
4 |
|
|a Ayesha Abed Library
|j General shelf
|
| 999 |
|
|
|c 8076
|d 8076
|
| 952 |
|
|
|0 0
|1 0
|2 ddc
|4 0
|6 338_900917240000000_LAS_1980
|7 0
|9 9193
|a BRACUL
|b BRACUL
|c GEN
|d 2010-04-12
|g 1080.00
|l 0
|o 338.90091724 LAS
|p 3010001024
|r 2010-04-12
|t 1
|w 2010-04-12
|y BK
|